Statistiques concernant Culture Manga #1

Cliquez ici pour prendre le quiz!

Statistiques générales

  • Ce quiz a été pris 400 fois
    (330 depuis la dernière actualisation)
  • Le résultat moyen est 9 sur 15

Statistiques - réponses

QuestionRéponse% Correct
Dans quel manga, le personnage principal est bloqué dans un jeu vidéo ?Sword Art Online
95%
Quel mot ne désigne pas un type de manga ?Otaku
94%
Quel manga est sorti en premier ? (Premier Tome au Japon)Detective Conan
89%
Lequel de ces mangas n'a aucun rapport avec le foot ?Sakamoto Days
85%
Quel personnage n'a pas les cheveux verts ?Nagisa
80%
Comment s'appelle l'équipage de Luffy dans One piece ?Les Mugiwaras
73%
Quel Manga ne fait pas parti du "BIG 3" ?Dragon Ball Z
66%
Shinichi Kudo est le vrai nom de qui ?Conan Edogawa
56%
Qui a écrit le manga intitulé "Rave" ?Hiro Mashima
53%
Quel manga n'a pas plus de 100 tomes ? (Hors série et suite sont comptés)Bleach
50%
Devinette : je maitrise que le feu, je me battrai corps et âmes pour mes amis et je suis l'un des meilleurs personnages de mon manga sans en être le protagoniste, qui suis-je ?Axel Blaze
42%
Qui est le personnage principal de Fairy TailLucy
34%
Dans quel manga ne voit-on pas de personne du prénom Sakura ?Love Fragrance
29%
En quelle année fut sorti le tout premier manga ?1902
20%
Qui est l'intrus dans ces éditions mangas ?Lune Manga
19%

Distribution des résultats

Percentile par nombre de réponses

% des personnes avec chaque résultat

Votre développement - résultats

Vous n’avez pas pris ce quiz depuis la dernière actualisation